000 00594nam a2200181Ia 4500
008 100917s9999 xx 000 0 und d
082 _b10683
100 _aभिडे रामकृष्ण गोपाळ
245 _aनेताजी सुभाष चंद्र
260 _bचित्रशाळा प्रेस
300 _a79
365 _b1.75
520 _aचरित्र
630 _aनेताजी सुभाष चंद्र
650 _aचरित्र
730 _aनेताजी सुभाष चंद्र
942 _cBOOK
999 _c616077
_d616074